000 00926nam a2200265 i 4500
001 7758
003 ES-MaACL
005 20240527195124.0
007 t|
008 910502s1978 sp ||||1| spa d
020 _a84-235-0348-8
080 _a902.6(465.111.3)
080 _a571(465.111.3)
100 1 _aMezquíriz de Catalán, María Ángeles.
_980830
245 1 0 _aPompaelo II /
_cMa Angeles Mezquiriz de Catalan.
260 _aPamplona :
_bInstitucion Principe de Viana,
_c1978.
300 _a209 p., 123, XXIX p. de lam., [13] h. pleg. ;
_c32 cm.
490 1 _aExcavaciones en Navarra ;
_vIX
650 1 4 _aExcavaciones arqueológicas-
_zPamplona.
_912645
651 4 _aPamplona-
_xRestos arqueológicos.
_99204
710 2 _aInstitución Príncipe de Viana
_94730
830 0 _aExcavaciones en Navarra ;
_vIX
_9177947
852 _aES-MaACL
_jC-10411
_bR.119305
_z. - rust.
999 _c7758
_d7758